000 00195nam a2200085 4500
001 1255607
005 20251210134404.0
245 _aYILDIZLARA YAKIN
_cMETİN ÖZDAMARLAR
260 _bTİMAŞ YAYINLARI
999 _c1255607
_d1255607